Великий енциклопедичний юридичний словник (Запис № 347371)

МАРК-запис
000 -Лідер
fixed length control field 00787nam a22002297a 4500
003 - Ідентифікатор контрольного номера
control field UA-OsUOA
001 - Контрольний номер
control field 61306
007 - Фіксоване поле фізичного опису
fixed length control field ta
008 - Елементи даних фіксованої довжини – загальна інформація
fixed length control field 20090630b un ||||| |||| 00| 0 ukr d
090 ## - Локальний шифр розміщення
Класифікаційний індекс УДК 340(031)
Авторський знак (НП) В27
040 ## - Джерело каталогізації
Агенція оригінальної каталогізації UA-OsUOA
Мова каталогізації ukr
Агенція, яка здійснювала перезапис UA-OsUOA
Агенція, яка здійснювала модифікацію UA-OsUOA
041 ## - Код мови
Код мови тексту/ звукової доріжки чи окремого заголовка (П) ukr
080 ## - Індекс Універсальної десяткової класифікації
Індекс Універсальної десяткової класифікації (УДК) (НП) 340(031)
020 ## - Міжнародний стандартний книжковий номер (ISBN)
Міжнародний стандартний книжковий номер (ISBN) (НП) 978-966-8602+43-6
245 ## - Відомості про назву
Назва (НП) Великий енциклопедичний юридичний словник
Решта назви (НП) За ред. академіка НАН України Ю. С. Шемшученка
260 ## - Публікація, розповсюдження і т.п. (Вихідні дані)
Місце публікації, розповсюдження і т.п. (П) К.
Ім’я/ наймення видавництва, розповсюджувача і т.п. (П) Юридична думка
Дата публікації, розповсюдження і т.п. (П) 2007
300 ## - Фізичний опис
Обсяг 992 с.
650 #7 - Додаткове предметне введення – тематичний термін
Тематичний термін чи географічна назва, як елемент введення (НП) 340 Право в цілому. Пропедевтика. Методи та допоміжні правничі науки
Джерело заголовка чи терміна UDC
942 ## - Додаткові елементи входу (Коха)
Тип елемента Koha Книги
955 ## - Код типу видання за змістом
Код типу видання за змістом (НП) Навчальні видання
Фонди
Стан вилучень Стан втрат Джерело класифікації або схеми стелажів Стан уражень Не для кредиту Постійне місце розташування Поточне розміщення Дата придбання Джерело придбання Вартість, звичайна ціна покупки Інвентарний номер Усього замовленно Повний номер виклику Штрих-код Дата останнього перегляду Ціна ефективна від Тип елемента Koha Дата останньої перевірки
    Universal Decimal Classification     АБ - Абонемент НБ АБ - Абонемент НБ 30/06/2009 97/2009 77.06 122015   340(031) В27 122015 13/12/2021 30/06/2009 Книги  
    Universal Decimal Classification     АБ - Абонемент НБ АБ - Абонемент НБ 30/06/2009 97/2009 77.06 122016 1 340(031) В27 122016 17/12/2024 30/06/2009 Книги 17/10/2022
    Universal Decimal Classification     АБ - Абонемент НБ АБ - Абонемент НБ 30/06/2009 97/2009 77.06 122017   340(031) В27 122017 13/12/2021 30/06/2009 Книги  
    Universal Decimal Classification     АБ - Абонемент НБ АБ - Абонемент НБ 30/06/2009 97/2009 77.06 122018   340(031) В27 122018 13/12/2021 30/06/2009 Книги